Normal view
MARC view
- التحكيم -- قوانين وتشريعات -- مصر-- التحكيم (فقه إسلامي)
Entry Topical Term
001 - CONTROL NUMBER
- control field: 32463
003 - CONTROL NUMBER IDENTIFIER
- control field: JO-AjAnu
005 - DATE AND TIME OF LATEST TRANSACTION
- control field: 20230606075445.0
008 - FIXED-LENGTH DATA ELEMENTS
- fixed length control field: 230606|| aca||aabn | a|a d
040 ## - CATALOGING SOURCE
- Original cataloging agency: JO-AjAnu
- Transcribing agency: JO-AjAnu
150 ## - HEADING--TOPICAL TERM
- Topical term or geographic name entry element: التحكيم -- قوانين وتشريعات -- مصر-- التحكيم (فقه إسلامي)
670 ## - SOURCE DATA FOUND
- Source citation: Work cat.: (JO-AjAnu)16676: شتا، أحمد محمد عبد البديع , author 32462, شرح قانون التحكيم " دراسة مقارنة " وفقا لآراء الفقة وأحكام القضاء ومراكز التحكيم العربية والدولية